[Event "14eme open"]
[Site "Louviers"]
[Round "4"]
[Date "2011.06.12"]
[White "Hatton, Christian"]
[Black "Broustet, Pierre"]
[Result "1-0"]
[WhiteElo "1875"]
[BlackElo "1790"]
[PlyCount "81"]

1. d4 d5 2. Nf3 c6 3. b3 Nf6 4. c4 Bf5 5. Nc3 e6 6. Bb2 Nbd7 7. e3 Bb4 8. Nd2
Qa5 9. Qc1 O-O 10. a3 Bxc3 11. Bxc3 Qc7 12. Be2 Rac8 13. Qb2 Rfe8 14. O-O e5
15. dxe5 Nxe5 16. Rac1 Nd3 17. Bxd3 Bxd3 18. Bxf6 Bxf1 19. Bxg7 Re6 20. Nxf1
Rg6 21. Be5 Qd7 22. cxd5 Qxd5 23. Bg3 Re8 24. Qc2 h5 25. Qc4 Qg5 26. h4 Qf5 27.
Nd2 Rg4 28. Qc5 Qg6 29. Nf3 f6 30. Qxa7 Re7 31. Qc5 Rd7 32. Kh2 Qf7 33. Rc4 Rd5
34. Qb4 Rg7 35. Rf4 Qg6 36. Qc4 Kh7 37. Nd4 Re7 38. Qc2 Qxc2 39. Nxc2 Kg6 40.
Rd4 Rf5 41. e4 1-0

[Event "14eme open"]
[Site "Louviers"]
[Round "4"]
[Date "2011.06.12"]
[White "Baron, Romuald"]
[Black "Guillaumat, Jean-Pierre"]
[Result "0-1"]
[WhiteElo "1974"]
[BlackElo "1887"]
[PlyCount "56"]

1. e4 c5 2. Nf3 e6 3. d4 cxd4 4. Nxd4 Nf6 5. Nc3 d6 6. Bc4 Be7 7. O-O O-O 8. f4
Qc7 9. Bb3 a6 10. Kh1 Nc6 11. f5 Nxd4 12. Qxd4 b5 13. a3 exf5 14. Nd5 Nxd5 15.
Bxd5 Bf6 16. Qd3 Rb8 17. exf5 Bb7 18. Bxb7 Rxb7 19. c3 Qc4 20. Qf3 Rd7 21. Be3
Re8 22. Rad1 Qe4 23. Qg3 Bh4 24. Qh3 Bf6 25. Rfe1 Rde7 26. Qh5 Qc2 27. Qf3 h6
28. h3 Rxe3 0-1

[Event "14eme open"]
[Site "Louviers"]
[Round "4"]
[Date "2011.06.12"]
[White "Andrieu, Philippe"]
[Black "Boursier, Xavier"]
[Result "0-1"]
[WhiteElo "1922"]
[BlackElo "2004"]
[PlyCount "66"]

1. d4 Nf6 2. Bg5 c5 3. dxc5 Qa5+ 4. Nc3 Ne4 5. Bd2 Nxd2 6. Qxd2 Qxc5 7. e3 d6
8. Bd3 g6 9. Ne4 Qc7 10. Ne2 Bg7 11. N2c3 O-O 12. O-O Be6 13. Nb5 Qc8 14. Nd4
Bc4 15. Qe2 Bxd3 16. Qxd3 Nc6 17. c3 a6 18. Nd2 d5 19. Rfe1 Rd8 20. Qe2 e6 21.
Rad1 b5 22. Nxc6 Qxc6 23. Qf3 Rac8 24. e4 d4 25. cxd4 Rxd4 26. h3 Qc2 27. Nb3
Rdd8 28. Rxd8+ Rxd8 29. Rc1 Qxb2 30. Rc7 Rf8 31. Ra7 Qxa2 32. Nc5 Qa1+ 33. Kh2
Qe5+ 0-1

[Event "14eme open"]
[Site "Louviers"]
[Round "4"]
[Date "2011.06.12"]
[White "Klipper, Noemie"]
[Black "Victor, Daniel"]
[Result "1-0"]
[WhiteElo "1916"]
[BlackElo "1930"]
[PlyCount "95"]

1. d4 d5 2. c4 e6 3. Nc3 Nf6 4. Nf3 Be7 5. cxd5 exd5 6. Qc2 h6 7. Bf4 c6 8. h3
Bb4 9. e3 Qa5 10. Bd3 Be6 11. O-O-O Nbd7 12. Kb1 Rc8 13. Ne5 Bxc3 14. bxc3 c5
15. Qb2 Qb6 16. Qxb6 axb6 17. Rd2 O-O 18. Rb2 c4 19. Bc2 Ra8 20. Rb4 Ra6 21.
Kb2 Rfa8 22. Ra1 Nb8 23. a4 Nc6 24. Nxc6 bxc6 25. Rb1 Nd7 26. Kc1 g5 27. Bc7 c5
28. dxc5 bxc5 29. Rb7 Kg7 30. f4 gxf4 31. Bxf4 h5 32. Kd2 Rd8 33. Rf1 d4 34.
exd4 cxd4 35. cxd4 c3+ 36. Kxc3 Rc6+ 37. Kb2 Bd5 38. Rb4 Rdc8 39. Rf2 Nb6 40.
Bf5 Ra8 41. Bc2 Nc4+ 42. Ka1 Na3 43. Bd1 Be4 44. Ka2 Nc4 45. Bb3 Na5 46. d5 Rc3
47. Be5+ Kg8 48. Bxc3 1-0

[Event "14eme open"]
[Site "Louviers"]
[Round "4"]
[Date "2011.06.12"]
[White "Vigneron, Frederic"]
[Black "Vappereau, Xavier"]
[Result "*"]
[WhiteElo "1929"]
[BlackElo "1710"]
[PlyCount "133"]

1. d4 d5 2. c4 e6 3. Nc3 Nf6 4. Bg5 Be7 5. Nf3 Nbd7 6. e3 O-O 7. Rc1 c6 8. Bd3
dxc4 9. Bxc4 Nd5 10. Bxe7 Qxe7 11. O-O Nxc3 12. Rxc3 e5 13. dxe5 Nxe5 14. Nxe5
Qxe5 15. f4 Qe7 16. f5 Qf6 17. Rd3 b5 18. Bb3 c5 19. Rd6 Qg5 20. Bc2 Bb7 21. e4
Rad8 22. f6 Qe3+ 23. Kh1 Rxd6 24. Qxd6 g6 25. Rd1 Qh6 26. Qxc5 a6 27. Qe7 Bc6
28. Bb3 Be8 29. Qd6 a5 30. e5 a4 31. Bd5 Qf4 32. Qe7 Qg4 33. Bf3 Qc4 34. e6
Qxe6 35. Re1 Qd7 36. h3 h5 37. Be4 Qe6 38. Bb1 Qd7 39. Qe5 Qd2 40. Qe7 Bc6 41.
Qe2 Qxe2 42. Rxe2 Re8 43. Rxe8+ Bxe8 44. a3 Kh7 45. h4 Bd7 46. Bd3 Kg8 47. Kg1
Kf8 48. Kf2 Ke8 49. Ke3 Bc6 50. g3 Kd7 51. Kf4 Ke6 52. Kg5 Be8 {(=)} 53. Be2
Bc6 54. g4 hxg4 55. Bxg4+ Ke5 56. Bh3 Be8 57. Bc8 Bc6 58. Ba6 Bd7 59. Bb7 Be8
60. Bf3 Bd7 61. Be2 Bc6 62. Bd1 Bd7 63. Bc2 Ke6 64. b3 Be8 65. b4 Ke5 66. Bb1
Ke6 67. Bd3 *

[Event "14eme open"]
[Site "Louviers"]
[Round "4"]
[Date "2011.06.12"]
[White "Fischer, Jean-Claude"]
[Black "Debray, Christopher"]
[Result "0-1"]
[WhiteElo "1909"]
[BlackElo "2376"]
[PlyCount "66"]

1. e4 c5 2. b3 Nf6 3. e5 Nd5 4. Bb2 d6 5. Bb5+ Bd7 6. exd6 Bxb5 7. c4 Qxd6 8.
cxb5 Nf4 9. Kf1 Qd3+ 10. Ne2 Qxb5 11. Nbc3 Qd3 12. f3 Nc6 13. Ne4 O-O-O 14. Bc3
e5 15. Nf2 Qa6 16. g3 Nd5 17. Qc2 g6 18. Re1 f5 19. Kg2 Nxc3 20. dxc3 Bh6 21.
Rd1 Ne7 22. c4 Nc6 23. a4 Nd4 24. Nxd4 cxd4 25. b4 Qd6 26. c5 Qd5 27. b5 Rhe8
28. c6 e4 29. cxb7+ Kxb7 30. fxe4 fxe4 31. Rxd4 Qxd4 32. Rd1 Qb6 33. Nxe4 Rxd1
0-1

[Event "14eme open"]
[Site "Louviers"]
[Round "4"]
[Date "2011.06.12"]
[White "Daurelle, Herve"]
[Black "Josse, Sebastien"]
[Result "1-0"]
[WhiteElo "2273"]
[BlackElo "1815"]
[PlyCount "65"]

1. e4 c5 2. Nf3 Nc6 3. d4 cxd4 4. Nxd4 d6 5. Nc3 Nf6 6. Bg5 e6 7. Qd2 Be7 8.
O-O-O a6 9. f4 Qc7 10. Nf3 b5 11. Bd3 Bd7 12. Kb1 Rc8 13. Rhe1 h6 14. Bh4 b4
15. Ne2 e5 16. Bxf6 gxf6 17. Ng3 Qb6 18. Nh5 Kf8 19. fxe5 fxe5 20. Rf1 Bg4 21.
Ng3 Nd4 22. Nxd4 Qxd4 23. Nf5 Qb6 24. Be2 Bxf5 25. Rxf5 Bg5 26. Qxd6+ Qxd6 27.
Rxd6 a5 28. Rd7 f6 29. g3 Rc6 30. Rf3 h5 31. h4 Bh6 32. Rfd3 Bg7 33. Ra7 1-0

[Event "14eme open"]
[Site "Louviers"]
[Round "4"]
[Date "2011.06.12"]
[White "Gagneux, Michel"]
[Black "Bonte, Gerard"]
[Result "1-0"]
[WhiteElo "1620"]
[BlackElo "1550"]
[PlyCount "81"]

1. Nf3 Nf6 2. d4 g6 3. Bf4 Bg7 4. e3 O-O 5. Bd3 d6 6. c3 h6 7. h3 Nbd7 8. O-O
c5 9. Nbd2 a6 10. Qc2 b5 11. Rfe1 c4 12. Bf1 Bb7 13. e4 Nh5 14. Bh2 g5 15. Rad1
e5 16. dxe5 dxe5 17. b3 cxb3 18. axb3 Qe7 19. c4 Rac8 20. Qb2 b4 21. Bd3 Nf4
22. Bb1 Nc5 23. Nf1 Rcd8 24. Ng3 f6 25. Nf5 Qc7 26. Bxf4 gxf4 27. N3h4 Kh7 28.
Qe2 Qf7 29. Nd6 Qc7 30. Nhf5 Bc8 31. Rd5 Bxf5 32. Nxf5 Ne6 33. Qg4 Bh8 34. Nh4
Rg8 35. Qf5+ Kg7 36. Qxe6 Kf8 37. Red1 Re8 38. Qf5 Rg5 39. Qd7 Qb6 40. Qd6+
Qxd6 41. Rxd6 1-0

[Event "14eme open"]
[Site "Louviers"]
[Round "4"]
[Date "2011.06.12"]
[White "Dunand, Damien"]
[Black "Voegele, Francois-Marie"]
[Result "1-0"]
[WhiteElo "1740"]
[BlackElo "1110"]
[PlyCount "99"]

1. c4 d5 2. cxd5 Qxd5 3. Nc3 Qd8 4. d4 c5 5. dxc5 Nc6 6. Qxd8+ Nxd8 7. g3 e5 8.
Be3 Nc6 9. Nd5 Kd8 10. O-O-O Bd7 11. Bg5+ Nf6 12. Bxf6+ Ne7 13. Nxe7 gxf6 14.
Bh3 Bxe7 15. Rxd7+ Ke8 16. b4 Rd8 17. Rxb7 a6 18. c6 Bd6 19. c7 Bxc7 20. Rxc7
Rb8 21. Rc8+ Ke7 22. Rxh8 Rxh8 23. Nf3 Rb8 24. a3 Rb7 25. Rd1 Kf8 26. Rd6 Rc7+
27. Kb2 Kg7 28. Rxa6 Rc4 29. b5 e4 30. Nd2 Rd4 31. b6 Rxd2+ 32. Kc3 Rd8 33. b7
Rb8 34. Bc8 Kg6 35. Ra8 Rxb7 36. Bxb7 f5 37. a4 f6 38. Bxe4 fxe4 39. a5 f5 40.
a6 Kg5 41. a7 h5 42. Rg8+ Kf6 43. a8=Q Ke5 44. Qa5+ Kf6 45. Qd5 e3 46. Qd6+ Kf7
47. Qg6+ Ke7 48. Rg7+ Kd8 49. Qh7 exf2 50. Qh8# 1-0

[Event "14eme open"]
[Site "Louviers"]
[Round "4"]
[Date "2011.06.12"]
[White "Simonin, Joseph"]
[Black "Rousselin, Marc"]
[Result "1/2"]
[WhiteElo "1590"]
[BlackElo "1625"]
[PlyCount "57"]

1. e4 c5 2. Nf3 d6 3. d4 cxd4 4. Nxd4 Nf6 5. Nc3 a6 6. Be2 e5 7. Nf3 Be7 8. O-O
O-O 9. Be3 Be6 10. Ng5 Bc8 11. Nf3 Nbd7 12. Nd5 Nxd5 13. Qxd5 Nb6 14. Qb3 Nd7
15. Rad1 Qc7 16. Bd2 Nc5 17. Qc4 Be6 18. Qc3 Rac8 19. Qb4 b5 20. b3 Rfd8 21.
Be3 d5 22. exd5 Rxd5 23. Bxc5 Bxc5 24. Qe4 Rxd1 25. Rxd1 f6 26. c4 bxc4 27.
Bxc4 Qb6 28. Bxe6+ Qxe6 29. Qd5 1/2-1/2

[Event "14eme open"]
[Site "Louviers"]
[Round "4"]
[Date "2011.06.12"]
[White "Varigault, Nicole"]
[Black "Arinal, Serge"]
[Result "0-1"]
[WhiteElo "1240"]
[BlackElo "1700"]
[PlyCount "104"]

1. e4 e6 2. d4 d5 3. e5 c5 4. c3 Nc6 5. Nf3 Bd7 6. Bf4 Qb6 7. b3 Rc8 8. Be2
cxd4 9. cxd4 Bb4+ 10. Nbd2 Nxd4 11. O-O Nxe2+ 12. Qxe2 Bb5 13. Qe3 Qxe3 14.
Bxe3 Bxf1 15. Kxf1 b6 16. a3 Bc5 17. Nd4 Ne7 18. b4 Bxd4 19. Bxd4 Nf5 20. Nf3
O-O 21. g4 Nxd4 22. Nxd4 Rc4 23. Rd1 Rfc8 24. b5 Rc1 25. Rxc1 Rxc1+ 26. Kg2 Rc4
27. Nc6 Rxg4+ 28. Kf3 Ra4 29. Kg3 Rxa3+ 30. f3 a5 31. bxa6 Rxa6 32. Nb4 Ra4 33.
Nc6 d4 34. Kf2 Rc4 35. Na7 Rc2+ 36. Ke1 Rxh2 37. Nb5 d3 38. Nc3 Rc2 39. Ne4 h5
40. Kd1 h4 41. Ng5 b5 42. f4 Rf2 43. Nh3 Rf3 44. Ng1 Rxf4 45. Kd2 Rf5 46. Kxd3
Rxe5 47. Nf3 Rd5+ 48. Kc3 h3 49. Kb4 Rf5 50. Nh2 Rf2 51. Ng4 Rf4+ 52. Kxb5 Rxg4
0-1

[Event "14eme open"]
[Site "Louviers"]
[Round "4"]
[Date "2011.06.12"]
[White "Houriez, Philippe"]
[Black "Petitjeans, Simon"]
[Result "1/2"]
[WhiteElo "1660"]
[BlackElo "1680"]
[PlyCount "31"]

1. e4 c5 2. b3 Nc6 3. Bb2 Qc7 4. Nf3 d6 5. Nc3 Nf6 6. Bb5 a6 7. Bxc6+ bxc6 8.
h3 g6 9. d3 Bg7 10. Ne2 O-O 11. O-O d5 12. exd5 cxd5 13. Ng3 Bb7 14. Re1 Rfe8
15. Qe2 a5 16. a4 1/2-1/2

[Event "14eme open"]
[Site "Louviers"]
[Round "4"]
[Date "2011.06.12"]
[White "Roche, Jean-Francois"]
[Black "Lerdu, Gaspard"]
[Result "1-0"]
[WhiteElo "1564"]
[BlackElo "1310"]
[PlyCount "27"]

1. b3 e5 2. Bb2 Nc6 3. e4 Bc5 4. Nf3 d6 5. Bb5 Nf6 6. Bxc6+ bxc6 7. O-O Nxe4 8.
d4 exd4 9. Nxd4 O-O 10. Qd3 Re8 11. Nd2 d5 12. Rae1 Bxd4 13. Qxd4 c5 14. Qxg7#
1-0

[Event "14eme open"]
[Site "Louviers"]
[Round "4"]
[Date "2011.06.12"]
[White "Richet, Clement"]
[Black "Grenet, Dominique"]
[Result "1-0"]
[WhiteElo "1907"]
[BlackElo "1540"]
[PlyCount "71"]

1. d4 Nf6 2. c4 e6 3. Nc3 Bb4 4. e3 O-O 5. Nge2 d5 6. a3 Be7 7. Ng3 c6 8. Bd3
Bd6 9. O-O Re8 10. e4 Bxg3 11. hxg3 dxe4 12. Bxe4 Nxe4 13. Nxe4 Nd7 14. Nd6 Re7
15. Bd2 Nf6 16. c5 Rd7 17. Bg5 b6 18. Qf3 h6 19. Bxf6 Qxf6 20. Qxc6 Rb8 21.
Nxc8 Rbb7 22. cxb6 axb6 23. Nxb6 Rdc7 24. Qd6 Qg5 25. Na4 Rc2 26. Qe5 Qg6 27.
b4 Rd2 28. Nc5 Rb5 29. Qe4 Qf6 30. Qf4 Qxd4 31. Qxd4 Rxd4 32. Rfd1 Rg4 33. Rd7
Rb8 34. Rb7 Rd8 35. a4 Rdd4 36. a5 1-0

[Event "14eme open"]
[Site "Louviers"]
[Round "3"]
[Date "2011.06.12"]
[White "Lerdu, Gaspard"]
[Black "Hatton, Christian"]
[Result "0-1"]
[WhiteElo "1210"]
[BlackElo "1875"]
[PlyCount "42"]

1. e4 e6 2. d4 d5 3. e5 c5 4. Nf3 Nc6 5. c3 Qb6 6. Be3 Qxb2 7. Nbd2 Qxc3 8. Qa4
Qxa1+ 9. Ke2 Qc3 10. Nb3 cxd4 11. Nfxd4 Qc4+ 12. Kf3 Qxa4 13. Bb5 Bd7 14. Nc5
Nxd4+ 15. Bxd4 Bxb5 16. Rd1 Qxd1+ 17. Kg3 Qxd4 18. Nxb7 Qxe5+ 19. Kh3 Nf6 20.
g3 Bf1+ 21. Kh4 Qh5# 0-1

[Event "14eme open"]
[Site "Louviers"]
[Round "3"]
[Date "2011.06.12"]
[White "Debray, Christopher"]
[Black "Daurelle, Herve"]
[Result "1-0"]
[WhiteElo "2376"]
[BlackElo "2273"]
[PlyCount "65"]

1. d4 d5 2. c4 e6 3. Nc3 c5 4. Nf3 Nf6 5. cxd5 Nxd5 6. e4 Nxc3 7. bxc3 cxd4 8.
cxd4 Bb4+ 9. Bd2 Bxd2+ 10. Qxd2 O-O 11. Bc4 Nc6 12. O-O b6 13. Rad1 Na5 14. Bd3
Bb7 15. h4 h6 16. Qf4 Qf6 17. Qg4 Rfd8 18. d5 exd5 19. e5 Qe7 20. Qf5 g6 21.
Qf4 Kg7 22. h5 g5 23. Qg3 Bc8 24. Nd4 Be6 25. f4 Qc5 26. Bb5 Rg8 27. fxg5 Kh8
28. Rf6 hxg5 29. Rh6+ Kg7 30. Qxg5+ Kf8 31. Qf4 Bh3 32. Rg6 Bc8 33. Qh6+ 1-0

[Event "14eme open"]
[Site "Louviers"]
[Round "3"]
[Date "2011.06.12"]
[White "Boursier, Xavier"]
[Black "Houriez, Philippe"]
[Result "1-0"]
[WhiteElo "2004"]
[BlackElo "1660"]
[PlyCount "67"]

1. e4 e5 2. f4 Nc6 3. Nf3 d6 4. Bc4 Be7 5. O-O Nf6 6. d3 O-O 7. c3 Bg4 8. h3
Bxf3 9. Qxf3 Qd7 10. f5 Na5 11. Be3 Nxc4 12. dxc4 b5 13. cxb5 Qxb5 14. b3 Qd3
15. Bg5 Qxf3 16. Rxf3 Rfe8 17. Bxf6 Bxf6 18. c4 Bg5 19. Rd3 c6 20. Nc3 Red8 21.
Rad1 Be7 22. Kf1 g6 23. g4 g5 24. f6 Bf8 25. c5 h6 26. cxd6 Rd7 27. Na4 Rad8
28. Nc5 Rxd6 29. Rxd6 Rxd6 30. Rxd6 Bxd6 31. Nd7 Kh7 32. Ke2 Kg6 33. Kd3 Bc7
34. Kc4 1-0

[Event "14eme open"]
[Site "Louviers"]
[Round "3"]
[Date "2011.06.12"]
[White "Arinal, Serge"]
[Black "Baron, Romuald"]
[Result "0-1"]
[WhiteElo "1700"]
[BlackElo "1974"]
[PlyCount "92"]

1. Nf3 Nf6 2. c4 e6 3. Nc3 b6 4. g3 Bb7 5. Bg2 c5 6. d3 d5 7. cxd5 exd5 8. O-O
Be7 9. Bf4 O-O 10. Rc1 Bd6 11. Bxd6 Qxd6 12. d4 Re8 13. Re1 Nbd7 14. Nb5 Qc6
15. Nc3 Ne4 16. e3 Qh6 17. dxc5 Ndxc5 18. Nd4 Rad8 19. b4 Nd7 20. Ncb5 Qf6 21.
Qf3 Qxf3 22. Bxf3 Ne5 23. Red1 a6 24. Rc7 Ba8 25. Na7 Ng5 26. Bg2 Ne6 27. Nxe6
fxe6 28. a3 Kf8 29. Rd4 Re7 30. Rc8 Ke8 31. Rf4 Rxa7 32. Rxd8+ Kxd8 33. Rf8+
Ke7 34. Rh8 h6 35. Bh3 Bb7 36. Rb8 Nd7 37. Rg8 Kf7 38. Rd8 Bc6 39. Rc8 Bb5 40.
Bg4 a5 41. Bh5+ g6 42. Bg4 axb4 43. axb4 Kf6 44. Re8 Ra1+ 45. Kg2 Bf1+ 46. Kf3
Ne5+ 0-1

[Event "14eme open"]
[Site "Louviers"]
[Round "3"]
[Date "2011.06.12"]
[White "Victor, Daniel"]
[Black "Dunand, Damien"]
[Result "1-0"]
[WhiteElo "1930"]
[BlackElo "1740"]
[PlyCount "81"]

1. e4 Nf6 2. d3 g6 3. g3 Bg7 4. Bg2 d6 5. Nf3 c5 6. Nbd2 Nc6 7. c3 a5 8. a4 Bg4
9. h3 Bxf3 10. Nxf3 Qc7 11. Be3 Rc8 12. Qc2 Nd7 13. O-O O-O 14. Nh4 e5 15. Qd2
Rfe8 16. f4 f6 17. Nf3 exf4 18. Bxf4 Nde5 19. g4 Qe7 20. Rae1 Nxf3+ 21. Bxf3
Ne5 22. Bg2 Red8 23. g5 c4 24. gxf6 Bxf6 25. dxc4 Nxc4 26. Qe2 Be5 27. Bxe5
Qxe5 28. Kh1 Nb6 29. Qc2 Rc7 30. Qb3+ Nc4 31. Qc2 Nb6 32. Rd1 Kg7 33. Rd3 Rcd7
34. Rfd1 Qe7 35. c4 Rc7 36. b3 Nc8 37. Qc3+ Kg8 38. e5 b6 39. Bd5+ Kf8 40. Rf1+
Ke8 41. e6 1-0

[Event "14eme open"]
[Site "Louviers"]
[Round "3"]
[Date "2011.06.12"]
[White "Vappereau, Xavier"]
[Black "Voegele, Francois-Marie"]
[Result "1-0"]
[WhiteElo "1710"]
[BlackElo "1110"]
[PlyCount "75"]

1. e4 e5 2. Nf3 d5 3. Nxe5 Be6 4. exd5 Bxd5 5. Nc3 Be6 6. Be2 Nc6 7. Nxc6 bxc6
8. Bf3 Bd7 9. O-O Be7 10. d3 Nf6 11. Bf4 O-O 12. a3 Qc8 13. Ne4 Qb7 14. Nxf6+
Bxf6 15. Rb1 h6 16. Re1 Rfe8 17. b4 Be6 18. c4 Be7 19. b5 Qb6 20. Bxc6 Rad8 21.
Bxe8 Rxe8 22. Be3 Bc5 23. d4 Bxa3 24. d5 Qd6 25. dxe6 Qxe6 26. Bxa7 Qc8 27.
Rxe8+ Qxe8 28. Be3 Qe4 29. c5 f6 30. b6 cxb6 31. cxb6 Qe5 32. Qb3+ Kh8 33. Qxa3
Qe4 34. Qa2 Kh7 35. b7 Qg6 36. b8=Q Qf5 37. Qag8+ Kg6 38. Qbe8# 1-0

[Event "14eme open"]
[Site "Louviers"]
[Round "3"]
[Date "2011.06.12"]
[White "Fischer, Jean-Claude"]
[Black "Klipper, Noemie"]
[Result "1-0"]
[WhiteElo "1909"]
[BlackElo "1916"]
[PlyCount "89"]

1. e4 c5 2. Nc3 g6 3. f4 Bg7 4. Nf3 Nc6 5. Bb5 Nd4 6. O-O e6 7. Nxd4 cxd4 8.
Ne2 Ne7 9. Ng3 O-O 10. f5 f6 11. fxg6 hxg6 12. Bd3 d5 13. exd5 Qxd5 14. Be4 Qb5
15. Bd3 Qb6 16. b3 e5 17. Ba3 Re8 18. Bxe7 Rxe7 19. Bxg6 Be6 20. Bf5 Rc8 21. d3
Rec7 22. Rf2 Bxf5 23. Nxf5 Qe6 24. Qg4 Qd7 25. Raf1 Rf8 26. Qg6 Qe8 27. Qxe8
Rxe8 28. Nxg7 Kxg7 29. Re2 Rec8 30. Rff2 Kg6 31. Kf1 Rh8 32. h3 Re8 33. Ke1 b5
34. Kd1 a5 35. Kc1 Ra8 36. a3 Rc3 37. Kb2 a4 38. b4 Rac8 39. Rf3 f5 40. Rff2
Re8 41. g4 f4 42. h4 Kf6 43. Rxf4+ exf4 44. Rxe8 Rc7 45. Re4 1-0

[Event "14eme open"]
[Site "Louviers"]
[Round "3"]
[Date "2011.06.12"]
[White "Rousselin, Marc"]
[Black "Grenet, Dominique"]
[Result "0-1"]
[WhiteElo "1625"]
[BlackElo "1540"]
[PlyCount "88"]

1. e4 e5 2. Nf3 Nf6 3. d4 exd4 4. e5 Nd5 5. Qxd4 c6 6. Bc4 d6 7. Bxd5 cxd5 8.
Qxd5 Nc6 9. O-O Be6 10. Qe4 Qc7 11. Bf4 d5 12. Qa4 Be7 13. Nd4 O-O 14. Nxc6
bxc6 15. Nc3 Qb6 16. Rab1 Rab8 17. Be3 Bc5 18. Bxc5 Qxc5 19. Qa3 Qb6 20. Na4
Qd4 21. Rfe1 Bf5 22. Nc5 Rb5 23. Nd3 Qb6 24. Qc3 d4 25. Qd2 c5 26. a4 Ra5 27.
b4 Rxa4 28. bxc5 Qc6 29. Rb4 Bxd3 30. cxd3 Ra6 31. Qc2 Qd5 32. Qc4 Qc6 33. Qxd4
Qa8 34. Qb2 Rg6 35. g3 h5 36. Qd4 Rd8 37. Qe3 Qd5 38. d4 Rg4 39. f4 h4 40. Kf2
hxg3+ 41. hxg3 Rg6 42. Qe4 Qa2+ 43. Re2 Qa3 44. d5 Qxg3+ 0-1

[Event "14eme open"]
[Site "Louviers"]
[Round "3"]
[Date "2011.06.12"]
[White "Andrieu, Philippe"]
[Black "Broustet, Pierre"]
[Result "1-0"]
[WhiteElo "1922"]
[BlackElo "1790"]
[PlyCount "85"]

1. d4 Nf6 2. Bg5 Ne4 3. Bf4 d5 4. Nd2 Nd7 5. Nxe4 dxe4 6. e3 g6 7. Bc4 Bg7 8.
Ne2 O-O 9. Nc3 Nf6 10. h3 c6 11. a3 e6 12. Bg5 Qa5 13. Bxf6 Bxf6 14. Qd2 Qf5
15. Be2 Bh4 16. Bg4 Qa5 17. Nxe4 Qxd2+ 18. Nxd2 f5 19. Be2 b5 20. g3 Be7 21.
Nb3 Rd8 22. Bf3 Rd6 23. Na5 Bd7 24. Nb7 Rd5 25. Bxd5 exd5 26. Nc5 Bc8 27. Ke2
a5 28. a4 b4 29. Kd2 Rb8 30. c3 Kf8 31. h4 h6 32. Rhc1 b3 33. c4 Bxc5 34. dxc5
Be6 35. f3 dxc4 36. Kc3 Ke7 37. Rd1 Bd5 38. e4 fxe4 39. fxe4 Be6 40. Rd6 Rc8
41. Rf1 Rd8 42. Rxd8 Kxd8 43. Rf6 1-0

[Event "14eme open"]
[Site "Louviers"]
[Round "3"]
[Date "2011.06.12"]
[White "Josse, Sebastien"]
[Black "Richet, Clement"]
[Result "1/2"]
[WhiteElo "1815"]
[BlackElo "1907"]
[PlyCount "30"]

1. f4 g6 2. Nf3 Bg7 3. g3 d5 4. Bg2 c5 5. d3 Nc6 6. c3 Nf6 7. O-O O-O 8. Na3
Qb6 9. Nc2 d4 10. Qe1 Rd8 11. c4 a5 12. h3 Nb4 13. Na3 Nd7 14. Qf2 f5 15. Bd2
Nf6 1/2-1/2

[Event "14eme open"]
[Site "Louviers"]
[Round "3"]
[Date "2011.06.12"]
[White "Guillaumat, Jean-Pierre"]
[Black "Gagneux, Michel"]
[Result "1-0"]
[WhiteElo "1887"]
[BlackElo "1620"]
[PlyCount "61"]

1. d4 d5 2. b4 c6 3. e3 Nf6 4. Nf3 Bf5 5. Nbd2 e6 6. a3 Bd6 7. c4 O-O 8. Bb2
Nbd7 9. Be2 h6 10. h3 Re8 11. Ne5 Ne4 12. Nxe4 Bxe4 13. Bf3 Bh7 14. O-O Nxe5
15. dxe5 Bc7 16. Rc1 Qg5 17. Qd4 Rad8 18. Qxa7 Bxe5 19. Bxe5 Qxe5 20. cxd5 exd5
21. Qxb7 Be4 22. Bxe4 dxe4 23. Qxc6 Rd2 24. Rc5 Qe7 25. Rc4 Rd6 26. Qc5 Qd7 27.
Rd4 Rxd4 28. Qxd4 Qa4 29. Qc3 Rd8 30. Rc1 Rd3 31. Qc8+ 1-0

[Event "14eme open"]
[Site "Louviers"]
[Round "3"]
[Date "2011.06.12"]
[White "Vieren-Hamelet, Richard"]
[Black "Roche, Jean-Francois"]
[Result "0-1"]
[WhiteElo "1499"]
[BlackElo "1564"]
[PlyCount "118"]

1. e4 Nf6 2. Nc3 d5 3. f3 d4 4. Nce2 e5 5. d3 Nc6 6. Ng3 Be7 7. Nf5 Bxf5 8.
exf5 Qd7 9. g4 O-O-O 10. Ne2 Nd5 11. c3 dxc3 12. bxc3 Bh4+ 13. Ng3 Nxc3 14. Qb3
Qd4 15. Qc4 Qxc4 16. dxc4 Rd1+ 17. Kf2 e4 18. Kg2 exf3+ 19. Kxf3 Re8 20. Bb2
Ne5+ 21. Kf4 Rd4+ 22. Ke3 Nc6+ 23. Kf3 Ne5+ 24. Kg2 Rd2+ 25. Kh3 Rxb2 26. Kxh4
g6 27. Ne2 Nxe2 28. Bxe2 Rxe2 29. h3 gxf5 30. gxf5 Re4+ 31. Kg3 Rg8+ 32. Kf2
Nd3+ 33. Kf3 Rf4+ 34. Ke3 Rg3+ 35. Kd2 Rf2+ 36. Kc3 Nc1+ 37. Kd4 Rf4+ 38. Ke5
Nd3+ 39. Kf6 Rg6+ 40. Kxf7 Rxf5+ 41. Ke7 Nc5 42. Rhf1 Rg7+ 43. Ke8 Re5+ 44. Kf8
Ne6+ 45. Ke8 Ng5+ 46. Kf8 Ree7 47. Rae1 Ref7+ 48. Rxf7 Rxf7+ 49. Kg8 Rf4 50. c5
Kd7 51. Kg7 Ne6+ 52. Kxh7 Rh4+ 53. Kg6 Nxc5 54. Kf6 Rxh3 55. Re7+ Kd6 56. Re8
Nd7+ 57. Kf5 Rf3+ 58. Kg6 c5 59. Rd8 Rf8 0-1

[Event "14eme open"]
[Site "Louviers"]
[Round "3"]
[Date "2011.06.12"]
[White "Petitjeans, Simon"]
[Black "Vigneron, Frederic"]
[Result "0-1"]
[WhiteElo "1680"]
[BlackElo "1929"]
[PlyCount "50"]

1. e4 d6 2. d4 Nf6 3. Nc3 c6 4. Be2 Qa5 5. Bd2 Qb6 6. Bc1 g6 7. Rb1 Bg7 8. Be3
Qc7 9. g4 h5 10. g5 Nh7 11. f4 e5 12. Nf3 Bh3 13. dxe5 dxe5 14. fxe5 Bg2 15.
Rg1 Bxf3 16. Bxf3 Bxe5 17. h4 Nd7 18. Qe2 O-O-O 19. Qf2 Nb6 20. Rd1 Rxd1+ 21.
Kxd1 Nc4 22. Kc1 Nxe3 23. Kb1 Nc4 24. Qxa7 Nd2+ 25. Ka1 Nxf3 0-1

[Event "14eme open"]
[Site "Louviers"]
[Round "3"]
[Date "2011.06.12"]
[White "Bonte, Gerard"]
[Black "Simonin, Joseph"]
[Result "1/2"]
[WhiteElo "1550"]
[BlackElo "1590"]
[PlyCount "84"]

1. c4 Nf6 2. Nf3 e6 3. d4 Bb4+ 4. Bd2 Bxd2+ 5. Qxd2 O-O 6. Nc3 b6 7. g3 Bb7 8.
Bg2 d5 9. cxd5 Nxd5 10. O-O Nxc3 11. Qxc3 Nd7 12. Rac1 Rc8 13. b4 Ba6 14. Qb2
Bb5 15. Rfd1 Nf6 16. Ne5 Qd6 17. e3 Nd7 18. Nc6 Bxc6 19. Rxc6 Qe7 20. Rdc1 Nb8
21. R6c3 f6 22. Bb7 Rcd8 23. Rxc7 Rd7 24. Rxd7 Qxd7 25. Bg2 Rc8 26. Rc3 Nc6 27.
Qc2 Ne7 28. a4 Rxc3 29. Qxc3 Qxa4 30. Bf1 Qc6 31. Qxc6 Nxc6 32. b5 Ne7 33. Bc4
Kf7 34. e4 h6 35. Kf1 f5 36. f3 fxe4 37. fxe4 Nc8 38. Kf2 Nd6 39. Bd3 Ke7 40.
g4 g5 41. h3 Nb7 42. Ke3 Nd6 1/2-1/2

[Event "14eme open"]
[Site "Louviers"]
[Round "1"]
[Date "2011.06.11"]
[White "Josse, Sebastien"]
[Black "Lerdu, Gaspard"]
[Result "1-0"]
[WhiteElo "1815"]
[BlackElo "1310"]
[PlyCount "55"]

1. d4 d5 2. e3 Nf6 3. f4 Bf5 4. Nf3 e6 5. c3 Bd6 6. Be2 O-O 7. O-O Nc6 8. b3
Qe7 9. Ne5 Ne4 10. Bb2 Rad8 11. Qe1 f6 12. g4 fxe5 13. fxe5 Bxe5 14. dxe5 Qg5
15. Kh1 Bxg4 16. Nd2 Nxd2 17. Qxd2 Rxf1+ 18. Rxf1 Bh3 19. Rg1 Qxe5 20. Rg3 Qf5
21. Bd3 Qh5 22. c4 dxc4 23. Rxg7+ Kh8 24. Rxh7+ Kg8 25. Rxh5 Rxd3 26. Rh8+ Kf7
27. Qf2+ Kg6 28. Qf6# 1-0

[Event "14eme open"]
[Site "Louviers"]
[Round "1"]
[Date "2011.06.11"]
[White "Simonin, Joseph"]
[Black "Klipper, Noemie"]
[Result "0-1"]
[WhiteElo "1590"]
[BlackElo "1916"]
[PlyCount "60"]

1. e4 c5 2. Nf3 g6 3. d4 cxd4 4. Nxd4 Nc6 5. Nc3 Bg7 6. Be3 Nf6 7. Bc4 O-O 8.
O-O d5 9. exd5 Nb4 10. Nf3 Bg4 11. Rc1 Qc8 12. Bb3 Rd8 13. h3 Bh5 14. a3 Bxf3
15. Qxf3 Na6 16. Rfe1 Nc5 17. Bxc5 Qxc5 18. Qe3 Qxe3 19. Rxe3 Bh6 20. Nb5 Bxe3
21. fxe3 Ne4 22. c4 b6 23. Bc2 Nd6 24. Bd3 f5 25. a4 Nxb5 26. axb5 Kg7 27. e4
e6 28. b4 Rac8 29. Bb1 fxe4 30. Bxe4 exd5 0-1

[Event "14eme open"]
[Site "Louviers"]
[Round "1"]
[Date "2011.06.11"]
[White "Guillaumat, Jean-Pierre"]
[Black "Grenet, Dominique"]
[Result "1-0"]
[WhiteElo "1887"]
[BlackElo "1540"]
[PlyCount "46"]

1. d4 Nf6 2. c4 e6 3. Nf3 g6 4. Nc3 Bg7 5. e4 d6 6. Be2 Nbd7 7. O-O O-O 8. h3
c6 9. Be3 e5 10. Rc1 exd4 11. Nxd4 c5 12. Ndb5 Ne8 13. Nxd6 Nxd6 14. Qxd6 b6
15. Rfd1 Be5 16. Qd5 Qc7 17. Qxa8 Bb7 18. Qxa7 Ra8 19. Rxd7 Rxa7 20. Rxc7 Bxc7
21. Nb5 Rxa2 22. Nxc7 Rxb2 23. Bf3 Bc8 1-0